ज्ञानेशाची अमृतवाणी (Record no. 402297)

MARC details
000 -LEADER
fixed length control field 00509nam a2200145Ia 4500
008 - FIXED-LENGTH DATA ELEMENTS--GENERAL INFORMATION
fixed length control field 100122s9999 xx 000 0 und d
082 ## - DEWEY DECIMAL CLASSIFICATION NUMBER
Item number 10704
Classification number 821
100 ## - MAIN ENTRY--PERSONAL NAME
Personal name शेणोलीकर द श्री
245 ## - TITLE STATEMENT
Title ज्ञानेशाची अमृतवाणी
260 ## - PUBLICATION, DISTRIBUTION, ETC. (IMPRINT)
Name of publisher, distributor, etc मोघे प्रकाशन
Date of publication, distribution, etc 1954
300 ## - PHYSICAL DESCRIPTION
Extent 205
630 ## - SUBJECT ADDED ENTRY--UNIFORM TITLE
Uniform title ज्ञानेशाची अमृतवाणी
730 ## - ADDED ENTRY--UNIFORM TITLE
Uniform title ज्ञानेशाची अमृतवाणी
942 ## - ADDED ENTRY ELEMENTS (KOHA)
Koha item type Book

No items available.